书目信息 |
| 题名: |
肺科临床读片
|
|
| 作者: | 许学受 编著 | |
| 分册: | 上 | |
| 出版信息: | 北京 人民卫生出版社 1978 |
|
| 页数: | 259页 | |
| 开本: | 19cm | |
| 丛书名: | ||
| 单 册: | ||
| 中图分类: | R563.04 , R816.41 | |
| 科图分类: | ||
| 主题词: | 肺疾病-X线摄影(诊断)--判读 , X线摄影(诊断)-肺疾病--判读 , 放射医学 | |
| 电子资源: | ||
| ISBN: | ||
| 000 | 00700nam0 2200265 45 | |
| 001 | 0178000968 | |
| 005 | 20061122111215.68 | |
| 010 | @dCNY3.05 | |
| 091 | @a14048.3617 | |
| 100 | @a19950803d1978 em y0chiy0121 ea | |
| 101 | 0 | @achi |
| 102 | @aCN@b110000 | |
| 105 | @ay z 000yy | |
| 106 | @ar | |
| 200 | 10 | @a肺科临床读片@h上@Afei ke lin chuang du pian@f许学受编著 |
| 210 | @a北京@c人民卫生出版社@d1978 | |
| 215 | @a259页@d19cm | |
| 606 | @a肺疾病-X线摄影(诊断)@x判读 | |
| 606 | @aX线摄影(诊断)-肺疾病@x判读 | |
| 606 | 0 | @a放射医学 |
| 690 | @aR563.04@v3 | |
| 690 | @aR816.41@v3 | |
| 701 | 0 | @a许学受@Axu xue shou@4编著 |
| 801 | 0 | @aCN@bNLC@c20061122 |
| 905 | @f1@b5189@dR816.41@e2:1 | |
| 肺科临床读片.上/许学受编著.-北京:人民卫生出版社,1978 |
| 259页;19cm |
| ISBN :CNY3.05 |
| ● |
| 相关链接 |
|
|
|
|
正题名:肺科临床读片
索取号:R816.41/2:1
 
预约/预借
| 序号 | 登录号 | 条形码 | 馆藏地/架位号 | 状态 | 备注 |
| 1 | 0005189 | 000717095 | 第二样本阅览室/ [索取号:R816.41/2:1] | 在馆 |